Capitales des Communautés autonomes d'Espagne - Statistiques

Statistiques générales
  • Ce quiz a été pris 201 fois
  • Le résultat moyen est 11 sur 16
Statistiques - réponses
Communauté Capitale % Correct
Andalousie Séville
96%
Communauté de Madrid Madrid
94%
Communauté valencienne Valence
91%
Catalogne Barcelone
90%
Îles Baléares Palma
80%
Aragon Saragosse
80%
Région de Murcie Murcie
79%
Cantabrie Santander
68%
Asturies Oviedo
67%
Castille-et-León Valladolid
66%
Galice Saint-Jacques-de-Compostelle
65%
Navarre Pampelune
63%
Castille-La Manche Tolède
58%
Pays basque Vitoria-Gasteiz
55%
Estrémadure Mérida
50%
La Rioja Logroño
47%
Aucun quiz correspondant
Distribution des résultats
% des personnes avec chaque résultat
Percentile par nombre de réponses
Votre historique - résultats
Vous n’avez pas pris ce quiz